[Event "Campeonato del Mundo Femenino 2010"]
[Site "Antakya TUR"]
[Date "2010.12.04"]
[Round "11.2"]
[White "Greeff, Melissa"]
[Black "Koneru, Humpy"]
[Result "0-1"]
[WhiteElo "2082"]
[BlackElo "2600"]
[PlyCount "94"]
[EventDate "2010.12.02"]
[EventType "match"]
[EventRounds "6"]
[EventCountry "TUR"]
[Source "lmi"]
[SourceDate "2010.12.02"]

1. e4 c5 2. Nf3 e6 3. d3 Nc6 4. g3 d5 5. Nbd2 Nf6 6. Bg2 b6 7. O-O Bb7 8. Re1
Be7 9. c3 Qc7 10. Qe2 b5 11. e5 Nd7 12. Nf1 a5 13. Bf4 c4 14. d4 b4 15. Bg5 Bf8
16. N3d2 Nb6 17. f4 h6 18. Bh4 Na4 19. Nb1 Qb6 20. Kh1 bxc3 21. Nxc3 Qb4 22.
Qc2 Qxb2 23. Qxa4 Qxc3 24. Rab1 Bb4 25. a3 Qxe1 26. Rxe1 Bxe1 27. Ne3 Rc8 28.
Qb5 Ba8 29. Qb2 c3 30. Qb5 Bd2 31. Nc2 g5 32. fxg5 hxg5 33. Bxg5 Bxg5 34. Qa6
Rb8 35. Bf1 Kf8 36. Bb5 Kg7 37. Bxc6 Bxc6 38. Qxc6 Rhc8 39. Qa6 Rc4 40. h4 Rb1+
41. Kg2 Rb2 42. hxg5 Rxc2+ 43. Kf3 Rf2+ 44. Kxf2 c2 45. Qxa5 c1=Q 46. Qd8 Rc2+
47. Kf3 Qf1+ 0-1

[Event "Campeonato del Mundo Femenino 2010"]
[Site "Antakya TUR"]
[Date "2010.12.04"]
[Round "11.4"]
[White "Mona, Khaled"]
[Black "Kosintseva, Tatiana"]
[Result "0-1"]
[WhiteElo "2093"]
[BlackElo "2581"]
[PlyCount "92"]
[EventDate "2010.12.02"]
[EventType "match"]
[EventRounds "6"]
[EventCountry "TUR"]
[Source "lmi"]
[SourceDate "2010.12.02"]

1. d4 Nf6 2. Nf3 d5 3. c4 e6 4. g3 Bb4+ 5. Bd2 Be7 6. Bg2 O-O 7. O-O c6 8. b3
b6 9. Bc3 Nbd7 10. Nbd2 Bb7 11. Qc2 c5 12. Rfd1 Rc8 13. Rac1 Qe8 14. dxc5 Nxc5
15. Ng5 g6 16. Qb2 Ng4 17. Ngf3 Ne4 18. Nxe4 dxe4 19. Nd2 Nxf2 20. Rf1 Ng4 21.
Bxe4 Bxe4 22. Nxe4 f5 23. h3 Ne3 24. Rf3 fxe4 25. Rxe3 Bg5 26. Rxe4 Qc6 27. Re5
Bxc1 28. Qxc1 Rf5 29. Rxf5 exf5 30. Qg5 Qd6 31. Qe3 Rd8 32. Kh2 Rf8 33. Bb2 f4
34. gxf4 Qxf4+ 35. Qxf4 Rxf4 36. Kg3 Rf1 37. Bd4 Kf7 38. b4 Ke6 39. c5 Kd5 40.
e3 bxc5 41. Bxc5 a5 42. e4+ Kc4 43. a3 Ra1 44. e5 Rxa3+ 45. Kf4 axb4 46. Bd6
Ra6 0-1

[Event "Campeonato del Mundo Femenino 2010"]
[Site "Antakya TUR"]
[Date "2010.12.04"]
[Round "11.5"]
[White "Dzagnidze, Nana"]
[Black "Kagramanov, Dina"]
[Result "1-0"]
[WhiteElo "2551"]
[BlackElo "2101"]
[PlyCount "105"]
[EventDate "2010.12.02"]
[EventType "match"]
[EventRounds "6"]
[EventCountry "TUR"]
[Source "lmi"]
[SourceDate "2010.12.02"]

1. d4 Nf6 2. c4 e6 3. Nf3 Bb4+ 4. Nbd2 Nc6 5. a3 Bxd2+ 6. Bxd2 d5 7. Rc1 Ne4 8.
Bf4 O-O 9. h3 Ne7 10. e3 b6 11. Bd3 c5 12. cxd5 exd5 13. O-O Ng6 14. Bh2 Re8
15. dxc5 bxc5 16. Nd2 Qg5 17. Nf3 Qf6 18. b4 c4 19. Bxe4 dxe4 20. Nd4 Qg5 21.
Kh1 Nh4 22. Rg1 Qf6 23. Qe2 Ba6 24. b5 Bb7 25. Rxc4 Nf5 26. Nxf5 Qxf5 27. Rc7
Bd5 28. Rgc1 h6 29. Bg3 Rac8 30. Qd2 Be6 31. a4 Red8 32. Qa5 Rxc7 33. Rxc7 Qf6
34. Rc1 h5 35. Qxa7 h4 36. Bf4 g5 37. Bh2 Qxf2 38. Bg1 Qe2 39. Qe7 Rd5 40. Qf6
Rf5 41. Qd8+ Kh7 42. Qd4 g4 43. Qd1 Qb2 44. hxg4 Rg5 45. Qc2 Qa3 46. Qxe4+ Kg7
47. Qd4+ Kh7 48. Rf1 h3 49. gxh3 Bd5+ 50. Kh2 Qa2+ 51. Rf2 Qb1 52. h4 Rg8 53.
Qxd5 1-0

[Event "Campeonato del Mundo Femenino 2010"]
[Site "Antakya TUR"]
[Date "2010.12.04"]
[Round "11.7"]
[White "Muzychuk, Anna"]
[Black "Zuriel, Marisa"]
[Result "1-0"]
[WhiteElo "2530"]
[BlackElo "2208"]
[PlyCount "151"]
[EventDate "2010.12.02"]
[EventType "match"]
[EventRounds "6"]
[EventCountry "TUR"]
[Source "lmi"]
[SourceDate "2010.12.02"]

1. e4 c5 2. Nf3 d6 3. d4 Nf6 4. Nc3 cxd4 5. Nxd4 a6 6. Be2 e6 7. O-O Be7 8. f4
O-O 9. a4 Nc6 10. Be3 Qc7 11. Kh1 Na5 12. Qd3 Bd7 13. Rad1 Rac8 14. Bc1 Rfd8
15. g4 d5 16. exd5 Nxd5 17. Nxd5 exd5 18. b3 Nc6 19. Nxc6 Qxc6 20. Qh3 Qf6 21.
Bd3 Qh4 22. Qxh4 Bxh4 23. f5 Bf6 24. Bd2 h6 25. Kg2 Bc6 26. Rde1 Re8 27. Rxe8+
Rxe8 28. Re1 Rxe1 29. Bxe1 Bd4 30. Kf3 Kf8 31. Bg3 Ke7 32. Bf4 Bf6 33. h3 Kd7
34. Bb8 Ke7 35. Kf4 Bg5+ 36. Kf3 Bf6 37. Ke3 Kd7 38. Ba7 Bg5+ 39. Kf3 Bf6 40.
Bc5 Kc7 41. Bb4 Kd7 42. Bf8 Ke8 43. Bd6 Kd7 44. Bf4 Ke7 45. Bb8 Kd7 46. Ke3 Ke7
47. Ba7 Bg5+ 48. Kd4 Bf6+ 49. Kc5 Kd7 50. Bb8 Bc3 51. Bg3 Bf6 52. Bf4 Bh4 53.
Kd4 Bf2+ 54. Be3 Bh4 55. Be2 Bf6+ 56. Kd3 Be5 57. Bd4 Kd6 58. Bf3 f6 59. Ba7
Bb2 60. Bb8+ Ke7 61. Ba7 Be5 62. Bc5+ Ke8 63. Be2 Bc7 64. Bf3 Be5 65. Ba3 Bc7
66. Kd4 Be5+ 67. Kc5 Kd7 68. Kb6 Bc7+ 69. Ka7 Ke8 70. Bc5 b5 71. axb5 axb5 72.
Ka6 Kd7 73. Bf8 Be5 74. Bxg7 Kc7 75. Bxh6 b4 76. Bf8 1-0

[Event "Campeonato del Mundo Femenino 2010"]
[Site "Antakya TUR"]
[Date "2010.12.04"]
[Round "11.12"]
[White "Demina, Julia"]
[Black "Cmilyte, Viktorija"]
[Result "0-1"]
[WhiteElo "2323"]
[BlackElo "2514"]
[PlyCount "80"]
[EventDate "2010.12.02"]
[EventType "match"]
[EventRounds "6"]
[EventCountry "TUR"]
[Source "lmi"]
[SourceDate "2010.12.02"]

1. d4 Nf6 2. c4 g6 3. Nf3 Bg7 4. g3 d5 5. Bg2 dxc4 6. Na3 Nc6 7. Nxc4 Be6 8. b3
Bd5 9. Bb2 O-O 10. O-O a5 11. Ne3 Be4 12. a3 Bh6 13. Nc4 Bd5 14. Nce5 Ra6 15.
Bc1 Bg7 16. Bf4 Nxe5 17. Bxe5 Rb6 18. Rb1 Bh6 19. b4 Be4 20. Rb3 Rc6 21. Qa1 a4
22. Rb2 Nd5 23. g4 f6 24. Bg3 Nc3 25. e3 Qd5 26. Ne1 Bxg2 27. Nxg2 e5 28. dxe5
fxe5 29. Rc2 Qd3 30. Qb2 Bg7 31. Rd2 Qc4 32. Re1 e4 33. Kh1 Qe6 34. h3 Ne2 35.
Qa2 Nxg3+ 36. fxg3 Bc3 37. Qxe6+ Rxe6 38. Rdd1 Bxe1 39. Rxe1 g5 40. h4 h6 0-1

[Event "Campeonato del Mundo Femenino 2010"]
[Site "Antakya TUR"]
[Date "2010.12.04"]
[Round "11.14"]
[White "Soumya, Swaminathan"]
[Black "Socko, Monika"]
[Result "0-1"]
[WhiteElo "2332"]
[BlackElo "2495"]
[PlyCount "180"]
[EventDate "2010.12.02"]
[EventType "match"]
[EventRounds "6"]
[EventCountry "TUR"]
[Source "lmi"]
[SourceDate "2010.12.02"]

1. e4 e6 2. d4 d5 3. e5 c5 4. c3 Qb6 5. Nf3 Nc6 6. a3 c4 7. Nbd2 Na5 8. Be2 Bd7
9. O-O Ne7 10. Re1 Nc8 11. Rb1 Qc7 12. Nf1 Nb6 13. Bg5 h6 14. Bh4 g5 15. Bg3
Ba4 16. Qc1 Be7 17. h4 g4 18. N3h2 h5 19. f3 O-O-O 20. fxg4 hxg4 21. Bxg4 Bxh4
22. Bxh4 Rxh4 23. g3 Rh7 24. Re2 Rg8 25. Qf4 Kb8 26. Ne3 Nc6 27. Rf1 Ne7 28.
Rg2 Ng6 29. Qf2 Rgh8 30. Qd2 Nd7 31. Be2 a6 32. Neg4 Ne7 33. Ne3 Ka7 34. Rf3
Qd8 35. Rf4 Ng6 36. Rf1 f5 37. exf6 Nxf6 38. Bf3 Qd6 39. Neg4 Nxg4 40. Bxg4 e5
41. Qg5 exd4 42. cxd4 Qb6 43. Qf6 Qxf6 44. Rxf6 Ne7 45. Bf3 Be8 46. Re2 Bd7 47.
Nf1 Rg7 48. Kf2 Nf5 49. Bxd5 Nxd4 50. Re4 Nc6 51. Rxc4 Kb8 52. Re4 Rg5 53. Be6
Rd8 54. Ke3 Rc5 55. Nd2 Ne7 56. Bxd7 Nd5+ 57. Kd4 Nxf6 58. Kxc5 Nxe4+ 59. Nxe4
Rxd7 60. a4 Kc7 61. a5 Rh7 62. b4 Rh5+ 63. Kd4 Kc6 64. g4 Rh8 65. g5 Re8 66.
Nc3 Rg8 67. Ne4 Kb5 68. Kc3 Rc8+ 69. Kb3 Rc1 70. Nc3+ Kc6 71. Kc4 Rc2 72. g6
Rg2 73. b5+ axb5+ 74. Nxb5 Rxg6 75. Nd4+ Kc7 76. Kb4 Rg1 77. Nb5+ Kc6 78. Nd4+
Kd5 79. Nb3 Rb1 80. Ka4 Kc6 81. Kb4 Rb2 82. Kc4 Rc2+ 83. Kb4 Kd5 84. Kb5 Rc6
85. Kb4 Ra6 86. Kb5 Rh6 87. Nd2 Rh2 88. Nc4 Ra2 89. Kb4 Ra1 90. Nd2 Rh1 0-1

[Event "Campeonato del Mundo Femenino 2010"]
[Site "Antakya TUR"]
[Date "2010.12.04"]
[Round "11.16"]
[White "Baginskaite, Camilla"]
[Black "Ruan, Lufei"]
[Result "0-1"]
[WhiteElo "2336"]
[BlackElo "2480"]
[PlyCount "58"]
[EventDate "2010.12.02"]
[EventType "match"]
[EventRounds "6"]
[EventCountry "TUR"]
[Source "lmi"]
[SourceDate "2010.12.02"]

1. c4 e5 2. Nc3 Nf6 3. Nf3 Nc6 4. d4 exd4 5. Nxd4 Bb4 6. Bg5 h6 7. Bh4 Qe7 8.
Rc1 g5 9. Bg3 Ne4 10. Ndb5 d6 11. a3 Bxc3+ 12. Nxc3 Nxc3 13. Rxc3 f5 14. f3 Be6
15. e3 O-O-O 16. Be2 h5 17. h4 Rdg8 18. Kf2 Qg7 19. Bf1 f4 20. exf4 g4 21. f5
gxf3 22. Rxf3 Bxf5 23. Rxf5 Qxg3+ 24. Kg1 Qe3+ 25. Rf2 Ne5 26. Be2 Rg3 27. Kf1
Rhg8 28. Bxh5 Rxg2 29. Qe1 Qxe1+ 0-1

[Event "Campeonato del Mundo Femenino 2010"]
[Site "Antakya TUR"]
[Date "2010.12.04"]
[Round "11.20"]
[White "Fierro Baquero, Martha L"]
[Black "Zhao, Xue"]
[Result "0-1"]
[WhiteElo "2363"]
[BlackElo "2474"]
[PlyCount "80"]
[EventDate "2010.12.02"]
[EventType "match"]
[EventRounds "6"]
[EventCountry "TUR"]
[Source "lmi"]
[SourceDate "2010.12.02"]

1. c4 e6 2. g3 d5 3. Bg2 Nf6 4. Nf3 c6 5. b3 Nbd7 6. O-O b5 7. d3 Bd6 8. Bb2
bxc4 9. bxc4 Rb8 10. Qc2 Qb6 11. Bc3 e5 12. e3 O-O 13. Nbd2 Ba6 14. Rfd1 Qc7
15. Rac1 Rfe8 16. Bf1 Bb7 17. Ba1 Qd8 18. Bg2 Qe7 19. Nb3 Ba8 20. Na5 Qe6 21.
Nd2 h6 22. Rb1 Bb4 23. Bc3 Bf8 24. Rxb8 Rxb8 25. Rb1 Rc8 26. Ba1 Nb6 27. Nf3
Nfd7 28. Qe2 dxc4 29. Nxc4 Nxc4 30. dxc4 c5 31. Qc2 Re8 32. Bb2 Bc6 33. Ba3 Nb6
34. Nd2 Bxg2 35. Kxg2 Rd8 36. Kg1 Qd7 37. Ne4 Qc6 38. Rb5 f5 39. Nd2 Rxd2 40.
Qxd2 Nxc4 0-1

[Event "Campeonato del Mundo Femenino 2010"]
[Site "Antakya TUR"]
[Date "2010.12.04"]
[Round "11.21"]
[White "Paehtz, Elisabeth"]
[Black "Zawadzka, Jolanta"]
[Result "1/2-1/2"]
[WhiteElo "2474"]
[BlackElo "2368"]
[PlyCount "41"]
[EventDate "2010.12.02"]
[EventType "match"]
[EventRounds "6"]
[EventCountry "TUR"]
[Source "lmi"]
[SourceDate "2010.12.02"]

1. d4 d5 2. c4 e6 3. Nc3 Nf6 4. cxd5 exd5 5. Bf4 Bd6 6. Bxd6 Qxd6 7. e3 Bf5 8.
Nge2 O-O 9. Ng3 Bg6 10. Bd3 Re8 11. O-O c6 12. Bxg6 hxg6 13. Qd3 Nbd7 14. Rac1
Nb6 15. Rfe1 Rad8 16. Nf1 Qe6 17. a4 a6 18. Nd2 Nc4 19. b3 Nd6 20. a5 Re7 21.
Na4 1/2-1/2

[Event "Campeonato del Mundo Femenino 2010"]
[Site "Antakya TUR"]
[Date "2010.12.04"]
[Round "11.22"]
[White "Ding, Yixin"]
[Black "Hoang Thanh Trang"]
[Result "1-0"]
[WhiteElo "2370"]
[BlackElo "2473"]
[PlyCount "97"]
[EventDate "2010.12.02"]
[EventType "match"]
[EventRounds "6"]
[EventCountry "TUR"]
[Source "lmi"]
[SourceDate "2010.12.02"]

1. e4 e6 2. d4 d5 3. Nc3 Nf6 4. Bg5 Bb4 5. e5 h6 6. Bd2 Bxc3 7. bxc3 Ne4 8. Qg4
Kf8 9. Bd3 Nxd2 10. Kxd2 c5 11. h4 c4 12. Bf1 b5 13. Rh3 Nc6 14. Ne2 a5 15. a3
Rg8 16. Rf3 Ne7 17. Qf4 Nf5 18. g4 g5 19. hxg5 hxg5 20. Qh2 Nh4 21. Rh3 Bd7 22.
Qg3 Qe7 23. Qe3 Rb8 24. Ng3 b4 25. axb4 axb4 26. Nh5 b3 27. cxb3 cxb3 28. Nf6
Rg6 29. Bd3 Rxf6 30. exf6 Qxf6 31. f4 Ng6 32. Bxg6 Qxg6 33. Rh8+ Kg7 34. f5
Rxh8 35. fxg6 Rh2+ 36. Kd3 Bb5+ 37. c4 Bxc4+ 38. Kc3 Kxg6 39. Rb1 Ra2 40. Qh3
Kg7 41. Rh1 Kf8 42. Qh6+ Ke8 43. Qxg5 Rc2+ 44. Kb4 b2 45. Rh8+ Kd7 46. Qd8+ Kc6
47. Qc8+ Kd6 48. Qb8+ Kd7 49. Qb7+ 1-0

[Event "Campeonato del Mundo Femenino 2010"]
[Site "Antakya TUR"]
[Date "2010.12.04"]
[Round "11.23"]
[White "Pogonina, Natalija"]
[Black "Kovanova, Baira"]
[Result "0-1"]
[WhiteElo "2472"]
[BlackElo "2380"]
[PlyCount "62"]
[EventDate "2010.12.02"]
[EventType "match"]
[EventRounds "6"]
[EventCountry "TUR"]
[Source "lmi"]
[SourceDate "2010.12.02"]

1. e4 e5 2. Nf3 Nc6 3. Bb5 a6 4. Ba4 Nf6 5. O-O Be7 6. Re1 b5 7. Bb3 d6 8. a4
b4 9. d4 exd4 10. Nxd4 Na5 11. Ba2 O-O 12. c3 Rb8 13. cxb4 Rxb4 14. Nc3 c5 15.
Nc2 Rb8 16. Ne3 Be6 17. Qd3 Rb4 18. Ned5 Nxd5 19. Bxd5 c4 20. Qc2 Nb3 21. Rb1
Bf6 22. Be3 Bxc3 23. Qxc3 Rxa4 24. Red1 Qc7 25. Bf4 Rd8 26. Qg3 Bxd5 27. exd5
Qb8 28. Bg5 f6 29. Be3 Re8 30. h4 Ra5 31. Kh2 Re5 0-1

[Event "Campeonato del Mundo Femenino 2010"]
[Site "Antakya TUR"]
[Date "2010.12.04"]
[Round "11.24"]
[White "Shadrina, Tatiana"]
[Black "Danielian, Elina"]
[Result "1-0"]
[WhiteElo "2384"]
[BlackElo "2466"]
[PlyCount "153"]
[EventDate "2010.12.02"]
[EventType "match"]
[EventRounds "6"]
[EventCountry "TUR"]
[Source "lmi"]
[SourceDate "2010.12.02"]

1. e4 c5 2. Nf3 e6 3. d4 cxd4 4. Nxd4 a6 5. Bd3 Bc5 6. Nb3 Ba7 7. Qe2 Nc6 8.
Be3 d6 9. Nc3 b5 10. Bxa7 Rxa7 11. f4 Nge7 12. O-O O-O 13. a4 b4 14. Nd1 a5 15.
f5 Ne5 16. Ne3 N7c6 17. Rad1 exf5 18. Nxf5 g6 19. Ne3 Nxd3 20. cxd3 Be6 21. Nd2
Qb6 22. Kh1 Ne5 23. Nf3 Nxf3 24. Rxf3 Qd4 25. Rg3 Re8 26. Rg5 d5 27. Nf1 dxe4
28. dxe4 Qf6 29. Rc5 Bb3 30. Rdc1 Rae7 31. Ng3 Re5 32. Qb5 h5 33. Qxa5 Rxc5 34.
Qxc5 h4 35. Qb5 Qe6 36. Nf1 h3 37. Qxb4 hxg2+ 38. Kxg2 Qg4+ 39. Ng3 Bd5 40. Re1
Bc6 41. Qc4 Bd7 42. a5 Rc8 43. Qd3 Rb8 44. Re2 Qh3+ 45. Kg1 Bb5 46. Qb3 Qd7 47.
Rf2 Rd8 48. Kg2 Qb7 49. Qf3 Rd3 50. Qg4 Bd7 51. Qe2 Rd6 52. Qc4 Be6 53. Qc5 Qd7
54. h4 Rd3 55. Qg5 Rb3 56. a6 Bc4 57. h5 Rb5 58. Qf6 Kh7 59. hxg6+ fxg6 60. Kg1
Qd1+ 61. Kg2 Qd7 62. Qh4+ Kg8 63. Qh6 Bf7 64. Rd2 Qc7 65. Qh4 Rb8 66. Qf6 Re8
67. Qd6 Qa7 68. b4 Rb8 69. e5 Re8 70. b5 Re6 71. Qd7 Qa8+ 72. Qb7 Qf8 73. a7
Re8 74. Rf2 Qg7 75. Qxf7+ Qxf7 76. Rxf7 Kxf7 77. b6 1-0

[Event "Campeonato del Mundo Femenino 2010"]
[Site "Antakya TUR"]
[Date "2010.12.04"]
[Round "11.25"]
[White "Muzychuk, Mariya"]
[Black "Cori T., Deysi"]
[Result "1-0"]
[WhiteElo "2462"]
[BlackElo "2384"]
[PlyCount "79"]
[EventDate "2010.12.02"]
[EventType "match"]
[EventRounds "6"]
[EventCountry "TUR"]
[Source "lmi"]
[SourceDate "2010.12.02"]

1. c4 Nf6 2. Nc3 g6 3. e4 d6 4. d4 Bg7 5. f3 O-O 6. Be3 c5 7. Nge2 Nc6 8. d5
Ne5 9. Ng3 e6 10. Be2 exd5 11. cxd5 h5 12. O-O a6 13. a4 Rb8 14. h3 Re8 15. Qd2
Nh7 16. f4 Nd7 17. Bd3 f5 18. Nge2 fxe4 19. Bxe4 Ndf8 20. f5 Nf6 21. Bd3 gxf5
22. Bxf5 Bxf5 23. Rxf5 Ne4 24. Nxe4 Rxe4 25. Bh6 Nh7 26. Bxg7 Kxg7 27. Raf1 Qe7
28. Ng3 Re5 29. Nxh5+ Kh8 30. Nf4 Rg8 31. Ne6 Qh4 32. Rxe5 dxe5 33. Qe3 Qg3 34.
Qxg3 Rxg3 35. Rd1 Nf6 36. Nxc5 b6 37. Nxa6 Rb3 38. Rb1 e4 39. d6 b5 40. d7 1-0

[Event "Campeonato del Mundo Femenino 2010"]
[Site "Antakya TUR"]
[Date "2010.12.04"]
[Round "11.27"]
[White "Ushenina, Anna UKR"]
[Black "Huang, Qian"]
[Result "1/2-1/2"]
[WhiteElo "2460"]
[BlackElo "2402"]
[PlyCount "64"]
[EventDate "2010.12.02"]
[EventType "match"]
[EventRounds "6"]
[EventCountry "TUR"]
[Source "lmi"]
[SourceDate "2010.12.02"]

1. d4 Nf6 2. c4 g6 3. Nc3 Bg7 4. e4 d6 5. Nf3 O-O 6. Be2 e5 7. O-O Nc6 8. d5
Ne7 9. b4 Nh5 10. Re1 a5 11. bxa5 Rxa5 12. Nd2 Nf4 13. Bf1 c5 14. a4 Ra6 15.
Ra3 g5 16. g3 Nh3+ 17. Bxh3 Bxh3 18. Qh5 Qd7 19. Qxg5 h6 20. Qe3 f5 21. f3 f4
22. Qe2 Ng6 23. Nb5 h5 24. Nb1 Bf6 25. Kh1 Kh7 26. N1c3 Bd8 27. Nd1 Qf7 28. Rg1
Bc8 29. Nf2 Bd7 30. Nd1 Bc8 31. Nf2 Bd7 32. Nd1 Bc8 1/2-1/2

[Event "Campeonato del Mundo Femenino 2010"]
[Site "Antakya TUR"]
[Date "2010.12.04"]
[Round "11.30"]
[White "Romanko, Marina"]
[Black "Zhukova, Natalia"]
[Result "1/2-1/2"]
[WhiteElo "2414"]
[BlackElo "2447"]
[PlyCount "59"]
[EventDate "2010.12.02"]
[EventType "match"]
[EventRounds "6"]
[EventCountry "TUR"]
[Source "lmi"]
[SourceDate "2010.12.02"]

1. d4 Nf6 2. c4 e6 3. Nc3 Bb4 4. Qc2 O-O 5. a3 Bxc3+ 6. Qxc3 d5 7. Bg5 c5 8.
dxc5 d4 9. Qc2 Nbd7 10. e3 h6 11. Bh4 e5 12. exd4 exd4 13. O-O-O Nxc5 14. Nf3
Qb6 15. Nxd4 Rd8 16. f3 Bd7 17. Nb5 Bxb5 18. Rxd8+ Rxd8 19. cxb5 Ne6 20. Kb1
Nd4 21. Qf2 Qe6 22. Bd3 g5 23. Bg3 Nxb5 24. Bxb5 Qf5+ 25. Qc2 Qxb5 26. Re1 Rd5
27. Qc3 Kg7 28. Be5 Qd3+ 29. Qxd3 Rxd3 30. Kc2 1/2-1/2

[Event "Campeonato del Mundo Femenino 2010"]
[Site "Antakya TUR"]
[Date "2010.12.04"]
[Round "11.32"]
[White "Khukhashvili, Sopiko"]
[Black "Turova, Irina"]
[Result "1/2-1/2"]
[WhiteElo "2430"]
[BlackElo "2439"]
[PlyCount "110"]
[EventDate "2010.12.02"]
[EventType "match"]
[EventRounds "6"]
[EventCountry "TUR"]
[Source "lmi"]
[SourceDate "2010.12.02"]

1. e4 e5 2. Nf3 Nc6 3. d4 exd4 4. Nxd4 Bb4+ 5. c3 Bc5 6. Be3 Bb6 7. Nf5 Bxe3 8.
Nxe3 Nge7 9. c4 d6 10. Nc3 O-O 11. Qd2 f5 12. O-O-O Kh8 13. h4 a6 14. h5 h6 15.
exf5 Nxf5 16. Ned5 b5 17. Nf4 Ne5 18. g4 Nh4 19. Be2 Qg5 20. Ng6+ Nexg6 21.
Qxg5 hxg5 22. hxg6 Bb7 23. Rh2 b4 24. Nd5 Rae8 25. f4 Bxd5 26. Rxd5 Rxf4 27.
Rxg5 Kg8 28. c5 dxc5 29. Rxc5 Nxg6 30. Bc4+ Kf8 31. Rxc7 a5 32. Bd3 Re7 33.
Rc8+ Kf7 34. Bc4+ Kf6 35. Rc6+ Kg5 36. Be2 Rf6 37. Rc5+ Re5 38. Rh5+ Kf4 39.
Rhxe5 Nxe5 40. Rxa5 Nxg4 41. Rb5 Rc6+ 42. Kb1 Ne5 43. Rxb4+ Ke3 44. a4 g5 45.
a5 Kxe2 46. Re4+ Kd3 47. Rxe5 Rg6 48. a6 Rxa6 49. Rxg5 Kc4 50. Kc2 Rf6 51. Rg4+
Kb5 52. Kb3 Rf3+ 53. Ka2 Rf2 54. Ka3 Rf3+ 55. b3 Rf5 1/2-1/2

[Event "Campeonato del Mundo Femenino 2010"]
[Site "Antakya TUR"]
[Date "2010.12.05"]
[Round "12.2"]
[White "Koneru, Humpy"]
[Black "Greeff, Melissa"]
[Result "1-0"]
[WhiteElo "2600"]
[BlackElo "2082"]
[PlyCount "115"]
[EventDate "2010.12.02"]
[EventType "match"]
[EventRounds "6"]
[EventCountry "TUR"]
[Source "lmi"]
[SourceDate "2010.12.02"]

1. d4 Nf6 2. Nf3 e6 3. c4 Bb4+ 4. Nbd2 O-O 5. e3 b6 6. Bd3 Bb7 7. O-O Bxd2 8.
Nxd2 d6 9. b3 Nbd7 10. Bb2 Qe7 11. e4 e5 12. d5 a5 13. a3 Nc5 14. Bc2 c6 15. b4
axb4 16. axb4 Rxa1 17. Bxa1 Ncd7 18. Bd3 Rb8 19. Qe2 Ra8 20. Bb2 Ra4 21. Qd1
Ra7 22. g3 Qe8 23. Qc2 Ra2 24. Nb1 Ra7 25. Nc3 Qe7 26. dxc6 Bxc6 27. Rd1 Nf8
28. Bf1 Ne6 29. Qd3 Nd4 30. Bg2 Qb7 31. b5 Bd7 32. Nb1 Qc8 33. Bxd4 exd4 34.
Qxd4 Ra4 35. Bf1 h6 36. Qxd6 Bg4 37. Qd8+ Qxd8 38. Rxd8+ Kh7 39. h3 Be6 40. Nd2
Ra1 41. Kg2 Rd1 42. Be2 Re1 43. Bd3 g6 44. c5 Nd7 45. c6 Ne5 46. Nf3 Nxf3 47.
Kxf3 Bxh3 48. Bc4 Bg4+ 49. Kxg4 Rxe4+ 50. Kf3 Rxc4 51. Rb8 Kg7 52. Rxb6 Kf8 53.
Rb7 Ke8 54. c7 Kd7 55. b6 Rc3+ 56. Kg2 Rc6 57. Rb8 h5 58. Rd8+ 1-0

[Event "Campeonato del Mundo Femenino 2010"]
[Site "Antakya TUR"]
[Date "2010.12.05"]
[Round "12.4"]
[White "Kosintseva, Tatiana"]
[Black "Mona, Khaled"]
[Result "1-0"]
[WhiteElo "2581"]
[BlackElo "2093"]
[PlyCount "133"]
[EventDate "2010.12.02"]
[EventType "match"]
[EventRounds "6"]
[EventCountry "TUR"]
[Source "lmi"]
[SourceDate "2010.12.02"]

1. e4 c6 2. d4 d5 3. e5 Bf5 4. Nd2 e6 5. Nb3 Nd7 6. Nf3 Ne7 7. Be2 Nc8 8. a4
Be7 9. O-O O-O 10. a5 a6 11. Be3 Na7 12. Ne1 c5 13. f4 Rc8 14. dxc5 Nxc5 15.
Nxc5 Bxc5 16. Bxc5 Rxc5 17. b4 Rc7 18. Bd3 Bxd3 19. Nxd3 Nb5 20. Nc5 Qe7 21.
Qd3 Na7 22. c3 Nc6 23. Rae1 g6 24. Nb3 Rfc8 25. Rf3 Nb8 26. Qd2 Rc4 27. Ree3
Nc6 28. Rd3 g5 29. Rg3 h6 30. h4 g4 31. Rxg4+ Kh8 32. Rdg3 f5 33. exf6 Qxf6 34.
Rg6 Qf8 35. Rxe6 Rxf4 36. Qxd5 Rxh4 37. Rf3 Qg7 38. Qf5 Rd8 39. Qf6 Rd1+ 40.
Kf2 Qxf6 41. Rfxf6 Kg7 42. Rg6+ Kh7 43. Rd6 Rb1 44. Rge6 Rf4+ 45. Kg3 Rf7 46.
Rxh6+ Kg8 47. Nc5 Ne7 48. Kh2 Rff1 49. Kh3 Nf5 50. Rd8+ Kg7 51. Rb6 Rbe1 52.
Rd7+ Kh8 53. Rbxb7 Rh1+ 54. Kg4 Nh6+ 55. Kg5 Ng8 56. Rd8 Re5+ 57. Kf4 Re2 58.
b5 Rxg2 59. bxa6 Re1 60. Rd3 Rg6 61. Rh3+ Nh6 62. a7 Rf6+ 63. Kg5 Rf5+ 64. Kxh6
Rg1 65. Rh7+ Kg8 66. a8=Q+ Rf8 67. Qd5+ 1-0

[Event "Campeonato del Mundo Femenino 2010"]
[Site "Antakya TUR"]
[Date "2010.12.05"]
[Round "12.5"]
[White "Kagramanov, Dina"]
[Black "Dzagnidze, Nana"]
[Result "0-1"]
[WhiteElo "2101"]
[BlackElo "2551"]
[PlyCount "74"]
[EventDate "2010.12.02"]
[EventType "match"]
[EventRounds "6"]
[EventCountry "TUR"]
[Source "lmi"]
[SourceDate "2010.12.02"]

1. e4 c5 2. Nf3 e6 3. d3 Nc6 4. g3 d5 5. Qe2 Nf6 6. Bg2 Be7 7. O-O O-O 8. e5
Ne8 9. c4 Nc7 10. Nc3 Rb8 11. a4 b6 12. Bf4 a6 13. h4 b5 14. axb5 axb5 15. b3
Nd4 16. Qd1 bxc4 17. bxc4 Bb7 18. Ra2 Nc6 19. Ra1 Nd4 20. Ng5 h6 21. Nh3 dxc4
22. dxc4 Bxg2 23. Kxg2 Rb4 24. Qg4 Kh8 25. Ne4 Rxc4 26. Rfc1 Rxc1 27. Rxc1 Qa8
28. f3 Nd5 29. Bd2 Qa2 30. Kh1 f5 31. exf6 Nxf6 32. Nxf6 Qxd2 33. Nh5 Qxc1+ 34.
Kg2 Qc2+ 35. Kh1 Qd1+ 36. Kg2 Qxf3+ 37. Qxf3 Rxf3 0-1

[Event "Campeonato del Mundo Femenino 2010"]
[Site "Antakya TUR"]
[Date "2010.12.05"]
[Round "12.7"]
[White "Zuriel, Marisa"]
[Black "Muzychuk, Anna"]
[Result "0-1"]
[WhiteElo "2208"]
[BlackElo "2530"]
[PlyCount "90"]
[EventDate "2010.12.02"]
[EventType "match"]
[EventRounds "6"]
[EventCountry "TUR"]
[Source "lmi"]
[SourceDate "2010.12.02"]

1. e4 c5 2. Nf3 e6 3. c3 d5 4. exd5 exd5 5. d4 Nf6 6. Bb5+ Bd7 7. Qe2+ Be7 8.
dxc5 O-O 9. O-O Bxc5 10. Bg5 Re8 11. Qd3 Qb6 12. Bxd7 Nbxd7 13. Nbd2 Qxb2 14.
Rfb1 Qa3 15. Rxb7 Bxf2+ 16. Kxf2 Nc5 17. Qb5 Nxb7 18. Bxf6 Nd6 19. Qd7 gxf6 20.
Qg4+ Kf8 21. Qf4 Ne4+ 22. Nxe4 dxe4 23. Qxf6 Qb2+ 24. Kg3 Qb8+ 25. Kh3 Re6 26.
Qh8+ Ke7 27. Qxb8 Rxb8 28. Nd4 Rh6+ 29. Kg3 Rg8+ 30. Kf4 Rxh2 31. g4 Rc8 32.
Rb1 Rxa2 33. Nf5+ Ke6 34. Rd1 Rf2+ 35. Kxe4 Rc4+ 36. Nd4+ Kf6 37. Kd3 Rc8 38.
Ra1 Kg5 39. Ke3 Rf6 40. Nf3+ Kxg4 41. Rg1+ Kh5 42. Rh1+ Kg6 43. Ne5+ Kf5 44.
Nd3 Rxc3 45. Rxh7 Kg6 0-1

[Event "Campeonato del Mundo Femenino 2010"]
[Site "Antakya TUR"]
[Date "2010.12.05"]
[Round "12.8"]
[White "Cramling, Pia"]
[Black "Yildiz, Betul Cemre"]
[Result "0-1"]
[WhiteElo "2526"]
[BlackElo "2225"]
[PlyCount "78"]
[EventDate "2010.12.02"]
[EventType "match"]
[EventRounds "6"]
[EventCountry "TUR"]
[Source "lmi"]
[SourceDate "2010.12.02"]

1. Nf3 d5 2. c4 dxc4 3. Qa4+ Nc6 4. e3 Bd7 5. Bxc4 e6 6. Qc2 Na5 7. Be2 c5 8.
b3 Nf6 9. Bb2 Be7 10. O-O Rc8 11. d3 O-O 12. Nbd2 b6 13. Rac1 Nc6 14. Qb1 Ne8
15. a3 Bf6 16. b4 cxb4 17. axb4 Nd6 18. Bxf6 Qxf6 19. d4 Qe7 20. Qb2 Rb8 21. b5
Na5 22. Qb4 Bc8 23. Ne5 Bb7 24. e4 Rbc8 25. Nec4 Naxc4 26. Nxc4 Rfd8 27. Nxd6
Rxd6 28. Rxc8+ Bxc8 29. Rc1 Bb7 30. f3 Qd7 31. Rd1 Qc7 32. Qa3 Rd8 33. Qc1 Qd6
34. Qd2 Qc7 35. Qc1 Qe7 36. Qa1 Qc7 37. Rc1 Qd7 38. Rd1 Qc7 39. Rc1 Qd7 0-1